[Event "Kemerovo op 08"]
[Site "Kemerovo"]
[Date "2010.08.21"]
[Round "1"]
[White "Potlov, Semen"]
[Black "Denisov, Lev"]
[Result "0-1"]
[WhiteElo "2008"]
[BlackElo "2322"]
[PlyCount "50"]
[EventDate "2010.08.21"]
[EventType "swiss"]
[EventRounds "9"]
[EventCountry "RUS"]
[SourceTitle "CBM 138 Extra"]
[Source "ChessBase"]
[SourceDate "2010.10.29"]
[SourceVersion "1"]
[SourceVersionDate "2010.10.29"]
[SourceQuality "1"]

1. d4 d5 2. Nf3 c6 3. Bf4 Qb6 4. b3 Nf6 5. Ne5 Bf5 6. e3 e6 7. a3 h6 8. Bd3 Bxd3 9. Qxd3 Be7 10. Nd2 0-0 11. g4 Qa6 12. c4 Nbd7 13. h4 Nxe5 14. dxe5 dxc4 15. bxc4 Nd5 16. Bxh6 gxh6 17. g5 Rad8 18. Qe4 Nb6 19. Qg4 h5 20. Qxh5 Qa5 21. Rd1 Qxe5 22. Nf3 Rxd1+ 23. Kxd1 Rd8+ 24. Ke2 Qe4 25. g6 Qd3+ 0-1

[Event "Moscow op-B"]
[Site "Moscow"]
[Date "2009.02.07"]
[Round "8"]
[White "Potlov, Semen"]
[Black "Parakhoni, Anna"]
[Result "1-0"]
[WhiteElo "2020"]
[BlackElo "1793"]
[PlyCount "71"]
[EventDate "2009.01.31"]
[EventType "swiss"]
[EventRounds "9"]
[EventCountry "RUS"]
[SourceTitle "EXT 2012"]
[Source "ChessBase"]
[SourceDate "2011.11.24"]
[SourceVersion "1"]
[SourceVersionDate "2011.11.24"]
[SourceQuality "1"]

1. d4 e6 2. Nf3 f5 3. c4 Bb4+ 4. Nbd2 Nf6 5. g3 0-0 6. Bg2 d6 7. a3 Bxd2+ 8. Nxd2 a5 9. b3 Nbd7 10. 0-0 e5 11. Bb2 e4 12. e3 Qe8 13. Qe2 b6 14. b4 c5 15. Bc3 Bb7 16. Qd1 Bc6 17. Qc2 Qf7 18. Rfb1 axb4 19. axb4 d5 20. bxc5 bxc5 21. dxc5 dxc4 22. Bd4 Bd5 23. Bf1 Rxa1 24. Rxa1 Rc8 25. Nxc4 Qe7 26. Ra7 Ra8 27. Rxa8+ Bxa8 28. Qa4 Bd5 29. Qa7 Qe6 30. Nb6 Qc6 31. Nc4 Ne8 32. Na5 Qc8 33. Bb5 Nef6 34. c6 Nb8 35. Bxf6 gxf6 36. c7 1-0

[Event "Moscow op-B"]
[Site "Moscow"]
[Date "2009.02.01"]
[Round "2"]
[White "Pletnev, Evgeniy"]
[Black "Potlov, Semen"]
[Result "1-0"]
[WhiteElo "2246"]
[BlackElo "2020"]
[PlyCount "71"]
[EventDate "2009.01.31"]
[EventType "swiss"]
[EventRounds "9"]
[EventCountry "RUS"]
[SourceTitle "EXT 2012"]
[Source "ChessBase"]
[SourceDate "2011.11.24"]
[SourceVersion "1"]
[SourceVersionDate "2011.11.24"]
[SourceQuality "1"]

1. d4 e6 2. Nf3 f5 3. Bg5 Nf6 4. Nc3 d5 5. Qd2 Nbd7 6. 0-0-0 Bb4 7. a3 Ba5 8. Ne5 0-0 9. f3 Qe8 10. g4 fxg4 11. Rg1 c6 12. h3 c5 13. Nxd7 Nxd7 14. dxc5 gxf3 15. Bh6 Rf7 16. Qd4 Nf6 17. b4 Bc7 18. exf3 a6 19. Bd3 e5 20. Qh4 Bd8 21. Bg5 g6 22. Nxd5 Nxd5 23. Bxd8 Nf4 24. Bc4 Be6 25. Bxe6 Qxe6 26. Kb2 Nxh3 27. Rd6 Qf5 28. Rg3 Nf4 29. Rg5 Qh3 30. Rxe5 Qxh4 31. Bxh4 Ng2 32. Bg5 a5 33. b5 Rxf3 34. Rd7 Rf7 35. Rxf7 Kxf7 36. Re7+ 1-0

[Event "Kemerovo Sports School-ch"]
[Site "Kemerovo"]
[Date "2008.10.26"]
[Round "8"]
[White "Potlov, Semen"]
[Black "Koveshnikova, Daria"]
[Result "1-0"]
[WhiteElo "2037"]
[BlackElo "2012"]
[PlyCount "78"]
[EventDate "2008.10.18"]
[EventType "swiss"]
[EventRounds "9"]
[EventCountry "RUS"]
[SourceTitle "EXT 2022"]
[Source "ChessBase"]
[SourceDate "2021.10.06"]
[SourceVersion "1"]
[SourceVersionDate "2021.10.06"]
[SourceQuality "1"]

1. d4 d5 2. Nf3 Nf6 3. Bf4 c6 4. e3 Bf5 5. Ne5 Nfd7 6. Bd3 Bxd3 7. Nxd3 g6 8. Nd2 Bg7 9. c3 Na6 10. Nf3 c5 11. Nde5 0-0 12. h4 cxd4 13. exd4 Nxe5 14. Nxe5 f6 15. Nd3 e5 16. dxe5 fxe5 17. Bg5 Qb6 18. 0-0 h6 19. Bc1 Rad8 20. Qg4 Nc5 21. Nxc5 Qxc5 22. Qxg6 Rd6 23. Qg3 d4 24. cxd4 exd4 25. b4 Qb6 26. Bf4 Rg6 27. Qb3+ Kh8 28. Bd2 Qc6 29. Qh3 Be5 30. Rac1 Qd5 31. Rc5 Qxa2 32. Qd3 Qg8 33. Rxe5 Rxg2+ 34. Kh1 Rfxf2 35. Rxf2 Rxf2 36. Rg5 Qd8 37. Rg8+ Kxg8 38. Qg3+ Kh7 39. Qxf2 Qd7 1-0